| Registos Bibliográficos associados ao registo de autoridade |
|
Etiqueta de registo: 00856ckm 2200241 450 001 1047821 003 http://id.bnportugal.gov.pt/bib/catbnp/1047821 005 20010302104300.0 100 ## $a20010210d1983 am d0pory0103 ba 101 0# $apor 102 ## $aPT 200 1# $a25 Abril 83, a certeza do futuro$bVisual gráfico]$eAvis$f[design] António Couvinha 210 #9 $aBeja$cAssociação de Municípios ,$d1983 215 ## $a1 cartaz$ccolor.$d60x41 cm 675 ## $a323.2(469)"1974"(084.5)$vBN$zpor$3309773 675 ## $a766(=1:469)"198"(084.5)$vBN$zpor$31302430 702 #1 $aCouvinha,$bAntónio,$f1951-$4410$327403 712 02 $aAssociação de Municípios do Distrito de Beja$4340$3180193 801 #0 $aPT$bBN$gRPC 856 40 $uhttps://purl.pt/9742 856 41 $uhttps://purl.pt/9742/service/media/cover/low 958 ## $aBND$bInterno$cDigitalizado 966 ## $lBN$mICONOG$sCT. 3683 A.$x3
Etiqueta de registo: 00675cam 2200229 450 001 1012622 003 http://id.bnportugal.gov.pt/bib/catbnp/1012622 005 20000522110200.0 021 ## $aPT$b135678/99 100 ## $a20000209d1999 k y0pory0103 ba 101 0# $apor 102 ## $aPT 105 ## $aa b 001yy 106 ## $ar 200 1# $aAlém da água$fAssociação de Municípios do Distrito de Beja 210 #9 $aBeja$cA.M.D.B.,$d1999 215 ## $a143 p.$cil.$d30 cm 606 ## $aArte portuguesa$xExposições$j[Catálogos]$2SIPOR$348335 675 ## $a556(083.81)$vBN$zpor$3938332 675 ## $a061.4$vBN$zpor$3288771 710 02 $aAssociação de Municípios do Distrito de Beja$3180193 966 ## $lBN$mFGMON$sS.A. 91633 V.$x1 966 ## $lBN$mFGMON$sS.A. 91633 V.$x1
Etiqueta de registo: 00254nkm 2200109 450 001 1870116 003 http://id.bnportugal.gov.pt/bib/catbnp/1870116 100 ## $a20140414d1984 am d0pory0103 ba 101 0# $apor 102 ## $aPT 200 1# $aPassagem do ano 84-85 em Ferreira do Alentejo$bVisual gráfico] 210 #9 $a[Beja]$cAssociação de Municípios do Distrito de Beja,$d1984 215 ## $a1 cartaz$ccolor.$d66x47,5 cm 317 ## $aColeção Madeira Luís$5PTBN: CT. 12517 A. 330 ## $aPrograma de variedades com foto do artista António Frazão ao centro 675 ## $a766(=1:469)"198"(084.5)$vBN$zpor$31302430 675 ## $a793.2(469.521)"1984"(084.5)$vBN$zpor$31570440 712 02 $aAssociação de Municípios do Distrito de Beja$4650$3180193 801 #0 $aPT$bBN$gRPC 966 ## $lBN$mICONOG$pFrancisco Madeira Luís$sCT. 12517 A.$x3
Etiqueta de registo: 00977ckm 2200265 450 001 536804 003 http://id.bnportugal.gov.pt/bib/catbnp/536804 005 19990103000000.0 095 ## $aPTBN00739877 100 ## $a19950608d1987 k d0pory0103 ba 101 0# $apor 102 ## $aPT 200 1# $a2º Encontro nacional sobre o complexo de Sines$bVisual gráfico]$fAssociação de Municípios do Distrito de Beja 210 #9 $aBeja$cA.M.D.,$d1987 215 ## $a1 cartaz$ccolor.$d65x44 cm 675 ## $a66(469.521)(084.5)$vBN$zpor$3594260 675 ## $a061.3(469.521)"1987"(084.5)$vBN$zpor$3594261 675 ## $a766(=1:469)"198"(084.5)$vBN$zpor$31302430 710 12 $aEncontro Nacional sobre o Complexo de Sines,$d2,$eSines,$f1987$31105119 712 02 $aAssociação de Municípios do Distrito de Beja$4557$3180193 801 #0 $aPT$bBN$gRPC 856 40 $uhttps://purl.pt/18478 856 41 $uhttps://purl.pt/18478/service/media/cover/low 958 ## $aBND$bInterno$cDigitalizado 966 ## $lBN$mICONOG$sCT. 7568 A.$x3
Etiqueta de registo: 00254nkm 2200109 450 001 2128167 003 http://id.bnportugal.gov.pt/bib/catbnp/2128167 100 ## $a20230403d1983 me d0pory0103 ba 101 0# $apor 102 ## $aPT 200 1# $a25 Abril 83, Alcácer do Sal$bVisual gráfico]$e a certeza do futuro$f[design] António Couvinha 210 #9 $aBeja$cAssociação de Municípios do Distrito de Beja,$d1983 215 ## $a1 cartaz$ccolor.$d60,7x42,2 cm 317 ## $aColeção Madeira Luís 330 ## $aRepresentação que inclui família, encabeçada pelo número 25 e cravos 675 ## $a323.2(469)"1974"(084.5)$vBN$zpor$3309773 675 ## $a061.7(469.521)"1983"(084.5)$vBN$zpor$31771844 675 ## $a766(=1:469)"198"(084.5)$vBN$zpor$31302430 702 #1 $aCouvinha,$bAntónio,$f1951-$4410$327403 712 02 $aAssociação de Municípios do Distrito de Beja$4340$3180193 801 #0 $aPT$bBN$gRPC 966 ## $lBN$mICONOG$pFrancisco Madeira Luís$sCT. 14808 A.$x3 971 ## $ciraminhos$d20230403
Etiqueta de registo: 00254nkm 2200109 450 001 2128433 003 http://id.bnportugal.gov.pt/bib/catbnp/2128433 100 ## $a20230405d1987 me d0pory01030103ba 101 0# $aporger 102 ## $aPT 200 1# $a25 de abril, 13 anos, defender lutar$bVisual gráfico]$fAssociação de Municípios dos Distritos de Beja e Évora$gdesign [Zilov?] 210 #9 $a[S.l.]$cAssociação dos Municípios dos Distritos de Beja e Évora,$d[1987] 215 ## $a1 cartaz$ccolor.$d64,5x46,2 cm 304 ## $aIdentidade não descodificada a partir da rubrica aposta no documento 306 ## $aData atribuída em conformidade com o acontecimento anunciado 317 ## $aColeção Madeira Luís 330 ## $aFiguração de cravo e pomba 675 ## $a323.2(469)"1974"(084.5)$vBN$zpor$3309773 675 ## $a061.7(469.5)"1987"(084.5)$vBN$zpor$31878478 675 ## $a766(=1:469)"198"(084.5)$vBN$zpor$31302430 710 02 $aAssociação de Municípios do Distrito de Beja$3180193 711 02 $aAssociação de Municípios do Distrito de Évora$4070$3428 801 #0 $aPT$bBN$gRPC 966 ## $lBN$mICONOG$pFrancisco Madeira Luís$sCT. 14811 A.$x3 971 ## $ciraminhos$d20230405
Etiqueta de registo: 00254nkm 2200109 450 001 2128576 003 http://id.bnportugal.gov.pt/bib/catbnp/2128576 100 ## $a20230406d1984 me d0pory01030103ba 101 0# $aporger 102 ## $aPT 200 1# $a10 anos de liberdade, 25 de abril de 1974, 25 de abril de 1984$bVisual gráfico]$fAssociação de Municípios do Distrito de Beja 210 #9 $aBeja$cAssociação dos Municípios do Distrito de Beja,$d1984 215 ## $a1 cartaz$ccolor.$d64,2x45,7 cm 317 ## $aColeção Madeira Luís 330 ## $aFiguração de cravos e pomba 675 ## $a323.2(469)"1974"(084.5)$vBN$zpor$3309773 675 ## $a061.7(469.521)"1984"(084.5)$vBN$zpor$31215063 675 ## $a766(=1:469)"198"(084.5)$vBN$zpor$31302430 710 02 $aAssociação de Municípios do Distrito de Beja$3180193 801 #0 $aPT$bBN$gRPC 966 ## $lBN$mICONOG$pFrancisco Madeira Luís$sCT. 14812 A.$x3 971 ## $ciraminhos$d20230406
Etiqueta de registo: 00254nkm 2200109 450 001 2132033 003 http://id.bnportugal.gov.pt/bib/catbnp/2132033 100 ## $a20230519d1988 me y0pory01030103ba 101 0# $aporger 102 ## $aPT 200 1# $a25 de Abril, 1988, Alentejo de progresso, Portugal de Abril$bVisual gráfico]$fAssociação de Municípios do Distrito de Beja, Associação de Municípios do Distrito
de Évora 210 #9 $aBeja$cAssociação de Municípios do Distrito de Beja,$d1988 215 ## $a1 cartaz$ccolor.$d65,6x46,2 cm 317 ## $aColeção Madeira Luís 330 ## $aComposição abstrata 675 ## $a323.2(469)"1974"(084.5)$vBN$zpor$3309773 675 ## $a061.7(469.5)"1988"(084.5)$vBN$zpor$31882629 675 ## $a766(=1:469)"198"(084.5)$vBN$zpor$31302430 710 02 $aAssociação de Municípios do Distrito de Beja$3180193 711 02 $aAssociação de Municípios do Distrito de Évora$4070$3428 801 #0 $aPT$bBN$gRPC 966 ## $lBN$mICONOG$pFrancisco Madeira Luís$sCT. 14896 A.$x3 971 ## $ciraminhos$d20230519
Etiqueta de registo: 00254nkm 2200109 450 001 2196515 003 http://id.bnportugal.gov.pt/bib/catbnp/2196515 100 ## $a20241118f19851989am y0pory01030103ba 101 0# $apor 102 ## $aPT 200 1# $aCarlos Gago à presidência, vota PRD$bVisual gráfico]$fAssociação de Municípios do Distrito de Beja 210 #9 $aBeja$cAssociação de Municípios do Distrito de Beja$d[1985 -1989] 215 ## $a1 cartaz$ccolor.$d61x37 cm 306 ## $aDatação atribuída em conformidade com o periodo de vigência do partido 317 ## $aColeção Madeira Luís$5PTBN 321 ## $ahttps://www.cd25a.uc.pt/pt/page/1847 [Consult. 2024-11-18] 330 ## $aReprodução fotográfica de Carlos Gago 675 ## $a324(469)"198"(084.5)$vBN$zpor$3928934 675 ## $a329(469)PRD(084.5)$vBN$zpor$31565806 675 ## $a766(=1:469)"198"(084.5)$vBN$zpor$31302430 710 02 $aAssociação de Municípios do Distrito de Beja$3180193 801 #0 $aPT$bBN$gRPC 966 ## $lBN$mICONOG$pFrancisco Madeira Luís$sCT. 15251 A.$x3 971 ## $cmferro$d20241118
Etiqueta de registo: 00254nkm 2200109 450 001 2214912 003 http://id.bnportugal.gov.pt/bib/catbnp/2214912 100 ## $a20250519d1983 am y0pory01030103ba 101 0# $apor 102 ## $aPT 200 1# $aVida e cultura de um povo, Moura, 21 a 29 de maio 83$bVisual gráfico]$fAssociação de Municípios do distrito de Beja 210 #9 $a[S.l.]$cAssociação de Municípios do distrito de Beja,$d1983 215 ## $a1 cartaz$ccolor.$d63x46 cm ou menor 307 ## $aOutras dimensões: 49,4x34,8 (CT. 24156 A.) 317 ## $aColeção Madeira Luís$5PTBN: CT. 24156 A. 675 ## $a061.4(084.5)$vBN$zpor$3431928 675 ## $a766(=1:469)"198"(084.5)$vBN$zpor$31302430 710 02 $aAssociação de Municípios do Distrito de Beja$3180193 801 #0 $aPT$bBN$gRPC 966 ## $lBN$mICONOG$sCT. 15549 A.$x7 966 ## $lBN$mICONOG$sCT. 24156 A.$x3 971 ## $cmferro$d20250519
Etiqueta de registo: 00000nkm 2200025 450 001 2254905 003 http://id.bnportugal.gov.pt/bib/catbnp/2254905 100 ## $a20260126f198- m y0pory01030103ba 101 0# $apor 102 ## $aPT 200 1# $aFesta da cerveja, 9, 10 e11 julho, Beja, Jardim Público$bVisual gráfico]$fAssociação de Municípios do Distrito de Beja 210 #9 $aBeja$cAssociação de Municípios do Distrito de Beja,$d[198-?] 215 ## $a1 cartaz$ccolor.$d33,3x22 cm 306 ## $aDatação atribuída em conformidade com as características formais do documento 317 ## $aColeção Madeira Luís 675 ## $a766(=1:469)"198"(084.5)$vBN$zpor$31658582 710 02 $aAssociação de Municípios do Distrito de Beja$3180193 801 #0 $aPT$bBN$gRPC 966 ## $lBN$mICONOG$sCT. 5754 P.$x3 971 ## $cCaticonografia6$d20260126 995 ## $aPRR2026 $d20260126$iCaticonografia6
Etiqueta de registo: 00000nkm 2200025 450 001 2254900 003 http://id.bnportugal.gov.pt/bib/catbnp/2254900 100 ## $a20260126f198- m y0pory01030103ba 101 0# $apor 102 ## $aPT 200 1# $aFesta da cerveja, 29, 30, 31 julho, Beja, Jardim Público$bVisual gráfico]$fAssociação de Municípios do Distrito de Beja 210 #9 $aBeja$cAssociação de Municípios do Distrito de Beja,$d[198-?] 215 ## $a1 cartaz$ccolor.$d34,7x23 cm 306 ## $aDatação atribuída em conformidade com as características formais do documento 317 ## $aColeção Madeira Luís 675 ## $a766(=1:469)"198"(084.5)$vBN$zpor$31302430 710 02 $aAssociação de Municípios do Distrito de Beja$3180193 801 #0 $aPT$bBN$gRPC 966 ## $lBN$mICONOG$sCT. 5753 P.$x3 966 ## $lBN$mICONOG$sCT. 5960 P.$x3 971 ## $cCaticonografia6$d20260126 995 ## $aPRR2026 $d20260126$iCaticonografia6
Etiqueta de registo: 00000nkm 2200025 450 001 2258077 003 http://id.bnportugal.gov.pt/bib/catbnp/2258077 100 ## $a20260130d1984 m y0pory01030103ba 101 0# $apor 102 ## $aPT 200 1# $a2.º Encontro sobre Alqueva, prosseguir Alqueva para desenvolver o Alentejo e o país,
Moura, 25 de março de 1984$bVisual gráfico]$fAssociação de Municípios do Distrito de Beja 210 #9 $aBeja$cAssociação de Municípios do Distrito de Beja,$d1984 215 ## $a1 cartaz$ccolor.$d62,3x46,1 cm 317 ## $aColeção Madeira Luís 675 ## $a766(=1:469)"198"(084.5)$vBN$zpor$31981579 710 02 $aEncontro sobre Alqueva,$d2,$eMoura,$f1984$31982692 712 02 $aAssociação de Municípios do Distrito de Beja$4557$3180193 801 #0 $aPT$bBN$gRPC 966 ## $lBN$mICONOG$sCT. 18927 A.$x3 971 ## $cCaticonografia3$d20260130 972 ## $d20260214$e1$vfpinelo $z0 995 ## $aPRR2026 $d20260130$iCaticonografia3
Etiqueta de registo: 00000nkm 2200025 450 001 2260658 003 http://id.bnportugal.gov.pt/bib/catbnp/2260658 100 ## $a20260204d1988 m y0pory01030103ba 101 0# $apor 102 ## $aPT 200 1# $aCantes Alentejanos, Beja, 18 [de] junha [de] 1988$bVisual gráfico]$fAssociação para a Defesa do Património Cultural da Região de Beja, Associação de Municípios
do Distrito de Beja e Câmara Municipal de Beja 210 #9 $aBeja$cAssociação para a Defesa do Património Cultural da Região de Beja,$d1988 215 ## $a1 cartaz$ccolor.$d56x40 cm 317 ## $aColeção Madeira Luís 675 ## $a766(=1:469)"198"(084.5)$vBN$zpor$31974866 710 02 $aAssociação para a Defesa do Património Cultural da Região de Beja$3340743 711 02 $aAssociação de Municípios do Distrito de Beja$3180193 711 01 $aBeja.$bCâmara Municipal$33037 801 #0 $aPT$bBN$gRPC 966 ## $lBN$mICONOG$sCT. 19396 A.$x3 971 ## $cCatmusica8$d20260204 995 ## $aPRR2026 $d20260204$iCatmusica8
Etiqueta de registo: 00000nkm 2200025 450 001 2260376 003 http://id.bnportugal.gov.pt/bib/catbnp/2260376 100 ## $a20260204f1984 m y0pory01030103ba 101 0# $apor 102 ## $aPT 200 1# $aPoder local, 12 anos de poder local democrático, 10 anos de institucionalização, Associação
de Municípios do Distrito de Beja$bVisual gráfico]$fAssociação de Municípios do Distrito de Beja 210 #9 $aBeja$cAssociação de Municípios do Distrito de Beja,$d[posterior a 1984]$eBeja :$gDiário do Alentejo ) 215 ## $a1 cartaz$ccolor.$d49,7x34,7cm 306 ## $aDatação atribuída em conformidade com as características formais do documento 317 ## $aColeção Madeira Luís 675 ## $a766(=1:469)"198"(084.5)$vBN$zpor$31620221 710 02 $aAssociação de Municípios do Distrito de Beja$3180193 801 #0 $aPT$bBN$gRPC 966 ## $lBN$mICONOG$sCT. 13385 V.$x3 971 ## $cCaticonografia2$d20260204 995 ## $aPRR2026 $d20260204$iCaticonografia2
Etiqueta de registo: 00000nkm 2200025 450 001 2260364 003 http://id.bnportugal.gov.pt/bib/catbnp/2260364 100 ## $a20260204d1988 m y0pory01030103ba 101 0# $apor 102 ## $aPT 200 1# $aColóquio regionalizar para desenvolver, Beja, Casa da Cultura, 19 novembro 1988$bVisual gráfico]$fAssociação de Municípios do Distrito de Beja 210 #9 $aBeja$cAssociação de Municípios do Distrito de Beja,$d1988 215 ## $a1 cartaz$ccolor.$d49,8x33,6cm 317 ## $aColeção Madeira Luís 675 ## $a766(=1:469)"1988"(084.5)$vBN$zpor$31811746 710 02 $aAssociação de Municípios do Distrito de Beja$3180193 801 #0 $aPT$bBN$gRPC 966 ## $lBN$mICONOG$sCT. 13384 V.$x3 971 ## $cCaticonografia2$d20260204 995 ## $aPRR2026 $d20260204$iCaticonografia2
Etiqueta de registo: 00000nkm 2200025 450 001 2261565 003 http://id.bnportugal.gov.pt/bib/catbnp/2261565 100 ## $a20260205d1983 m y0pory01030103ba 101 0# $apor 102 ## $aPT 200 1# $aGrandioso espectáculo Ferreira do Alentejo no Quartel dos Bombeiros Voluntários, 20
de agosto de 1983$bVisual gráfico]$fAssociação de Municípios do Distrito de Beja 210 #9 $aBeja$cAssociação de Municípios do Distrito de Beja,$d1983 215 ## $a1 cartaz$ccolor.$d65x47 cm 317 ## $aColeção Madeira Luís 675 ## $a766(=1:469)"198"(084.5)$vBN$zpor$31302430 710 02 $aAssociação de Municípios do Distrito de Beja$3180193 801 #0 $aPT$bBN$gRPC 966 ## $lBN$mICONOG$sCT. 19697 A.$x3 971 ## $cCaticonografia1$d20260205 995 ## $aPRR2026 $d20260205$iCaticonografia1
Etiqueta de registo: 00000nkm 2200025 450 001 2263747 003 http://id.bnportugal.gov.pt/bib/catbnp/2263747 100 ## $a20260209d1985 m y0pory01030103ba 101 0# $apor 102 ## $aPT 200 1# $aDia da Unidade, Regimento de Infantaria de Beja, 11 de maio de 1985 RIBE$bVisual gráfico]$fAssociação de Municípios do Distrito de Beja 210 #9 $aBeja$cAssociação de Municípios do Distrito de Beja,$d1985 215 ## $a1 cartaz$ccolor.$d67x47 cm 317 ## $aColeção Madeira Luís 675 ## $a766(=1:469)"1985"(084.5)$vBN$zpor$31802164 710 02 $aAssociação de Municípios do Distrito de Beja$3180193 801 #0 $aPT$bBN$gRPC 966 ## $lBN$mICONOG$sCT. 20042 A.$x3 971 ## $cCaticonografia5$d20260209 972 ## $d20260214$e2$vfpinelo$z0 995 ## $aPRR2026 $d20260209$iCaticonografia5
Etiqueta de registo: 00000nkm 2200025 450 001 2263141 003 http://id.bnportugal.gov.pt/bib/catbnp/2263141 100 ## $a20260209d1982 m y0pory01030103ba 101 0# $apor 102 ## $aPT 200 1# $aFesta do Ausente, Aljustrel, 17-18 julho 1982$bVisual gráfico]$fAssociação de Municípios do Distrito de Beja 210 #9 $aBeja$cAssociação de Municípios do Distrito de Beja,$d1982 215 ## $a1 cartaz$ccolor.$d30x21 cm 317 ## $aColeção Madeira Luís 675 ## $a766(=1:469)"1982"(084.5)$vBN$zpor$31982191 710 02 $aAssociação de Municípios do Distrito de Beja$3180193 801 #0 $aPT$bBN$gRPC 966 ## $lBN$mICONOG$sCT. 5915 P.$x3 971 ## $cCaticonografia8$d20260209 995 ## $aPRR2026 $d20260209$iCaticonografia8
Etiqueta de registo: 00000nkm 2200025 450 001 2264495 003 http://id.bnportugal.gov.pt/bib/catbnp/2264495 100 ## $a20260210d1985 m y0pory01030103ba 101 0# $apor 102 ## $aPT 200 1# $aFesta de homenagem ao Zeca Santos, no cine teatro Pax-Júlia$bVisual gráfico]$fAssociação de Municípios do Distrito de Beja 210 #9 $aBeja$cAssociação de Municípios do Distrito de Beja,$d1985 215 ## $a1 cartaz$ccolor.$d42x30 cm 317 ## $aColeção Madeira Luís 675 ## $a766(=1:469)"1985"(084.5)$vBN$zpor$31802164 710 02 $aAssociação de Municípios do Distrito de Beja$3180193 801 #0 $aPT$bBN$gRPC 966 ## $lBN$mICONOG$sCT. 13972 V.$x3 971 ## $cCaticonografia9$d20260210 995 ## $aPRR2026 $d20260210$iCaticonografia9
Etiqueta de registo: 00000nkm 2200025 450 001 2266436 003 http://id.bnportugal.gov.pt/bib/catbnp/2266436 100 ## $a20260213f1976 m y0pory01030103ba 101 0# $apor 102 ## $aPT 200 1# $aPlano regulador concelhio, Cuba, vila alva, vila ruiva, faro do alentejo, albergaria
dos fusos, defender-restaurar-proteger, Câmara Municipal de Cuba$bVisual gráfico]$fCâmara Municipal de Cuba 210 #9 $aCuba (Beja, Alentejo)$cCâmara Municipal de Cuba,$d[posterior a 1976] 215 ## $a1 cartaz$ccolor.$d58,6x41,3cm 306 ## $aDatação atribuída em conformidade com com as características formais do documento 317 ## $aColeção Madeira Luís 675 ## $a766(=1:469)"198"(084.5)$vBN$zpor$31620221 710 02 $aCâmara Municipal de Cuba$381318 711 02 $aAssociação de Municípios do Distrito de Beja$3180193 801 #0 $aPT$bBN$gRPC 966 ## $lBN$mICONOG$sCT. 20943 A.$x3 971 ## $cCaticonografia1$d20260213 995 ## $aPRR2026 $d20260213$iCaticonografia1
Etiqueta de registo: 00000nkm 2200025 450 001 2266940 003 http://id.bnportugal.gov.pt/bib/catbnp/2266940 100 ## $a20260213f1981 m y0pory01030103ba 101 0# $apor 102 ## $aPT 200 1# $aMotocross 125 / 250 cc - Pista do Alcoforado em Beja, 1 de novembro$bVisual gráfico]$fAssociação de Municípios do Distrito de Beja 210 #9 $aBeja$cAssociação de Municípios do Distrito de Beja,$d[1981?] 215 ## $a1 cartaz$ccolor.$d45x65,5 cm 306 ## $aDatação atribuída em conformidade com as características formais do documento 317 ## $aColeção Madeira Luís 675 ## $a766(=1:469)"198"(084.5)$vBN$zpor$31302430 710 02 $aAssociação de Municípios do Distrito de Beja$3180193 801 #0 $aPT$bBN$gRPC 966 ## $lBN$mICONOG$sCT. 21623 A.$x3 971 ## $cCaticonografia1$d20260213 995 ## $aPRR2026 $d20260213$iCaticonografia1
Etiqueta de registo: 00000nkm 2200025 450 001 2268596 003 http://id.bnportugal.gov.pt/bib/catbnp/2268596 100 ## $a20260218d1988 m y0pory01030103ba 101 0# $apor 102 ## $aPT 200 1# $aDia Mundial da Árvore, 21 de março$bVisual gráfico]$fAssociação de Municipios de Beja 210 #9 $aBeja,$cAssociação de Municipios de Beja,$d1988 215 ## $a1 cartaz$ccolor.$d48,5x33 317 ## $aColeção Madeira Luís 710 02 $aAssociação de Municípios do Distrito de Beja$3180193 801 #0 $aPT$bBN$gRPC 966 ## $lBN$mICONOG$sCT. 14390 V.$x3 971 ## $cCaticonografia9$d20260218 995 ## $aPRR2026 $d20260218$iCaticonografia9
Etiqueta de registo: 00000nkm 2200025 450 001 2267941 003 http://id.bnportugal.gov.pt/bib/catbnp/2267941 100 ## $a20260218d1984 m y0pory01030103ba 101 0# $apor 102 ## $aPT 200 1# $aSines, festas do município, 12 agosto 1984$bVisual gráfico]$fCâmara Municipal de Sines, Associação de Municípios do Distrito de Beja 210 #9 $aBeja$cCâmara Municipal de Sines,$d1984 215 ## $a1 cartaz$cp&b.$d42x29,7cm 317 ## $aColeção Madeira Luís 675 ## $a766(=1:469)"198"(084.5)$vBN$zpor$31981579 710 02 $aCâmara Municipal de Sines$359508 712 02 $aAssociação de Municípios do Distrito de Beja$3180193 801 #0 $aPT$bBN$gRPC 966 ## $lBN$mICONOG$sCT. 14309 V.$x3 971 ## $cCaticonografia2$d20260218 995 ## $aPRR2026 $d20260218$iCaticonografia2
Etiqueta de registo: 00000nkm 2200025 450 001 2267929 003 http://id.bnportugal.gov.pt/bib/catbnp/2267929 100 ## $a20260218f1985 m y0pory01030103ba 101 0# $apor 102 ## $aPT 200 1# $aQuinzena Cultural, Serrão Martins, Câmara Municipal de Mértola, 18 março a 3 abril$bVisual gráfico]$fCâmara Municipal de Mértola, Associação de Municípios do Distrito de Beja 210 #9 $aMértola$cCâmara Municipal de Mértola,$d[posterior a 1985]$eBeja :$gDiário do Alentejo ) 215 ## $a1 cartaz$ccolor.$d42x30cm 306 ## $aDatação atribuída em conformidade com as características formais do documento 317 ## $aColeção Madeira Luís 675 ## $a766(=1:469)"198"(084.5)$vBN$zpor$31974866 710 02 $aCâmara Municipal de Mértola$3147306 712 02 $aAssociação de Municípios do Distrito de Beja$3180193 801 #0 $aPT$bBN$gRPC 966 ## $lBN$mICONOG$sCT. 14307 V.$x3 971 ## $cCaticonografia2$d20260218 995 ## $aPRR2026 $d20260218$iCaticonografia2
Etiqueta de registo: 00000nkm 2200025 450 001 2269134 003 http://id.bnportugal.gov.pt/bib/catbnp/2269134 100 ## $a20260219d1988 m y0pory01030103ba 101 0# $apor 102 ## $aPT 200 1# $aII Encontro de Arqueologia do Baixo Alentejo, Castro Verde, 15, 16, 17 de abril 88$bVisual gráfico]$fAssociação de Municípios do Distrito de Beja 210 #9 $aBeja$cAssociação de Municípios do Distrito de Beja,$d1988$eBeja :$gA. M. D.) 215 ## $a1 cartaz$ccolor.$d48,9x34,4 cm 317 ## $aColeção Madeira Luís 710 02 $aAssociação de Municípios do Distrito de Beja$3180193 801 #0 $aPT$bBN$gRPC 966 ## $lBN$mICONOG$sCT. 14653 V.$x3 971 ## $cCatmusica8$d20260219 995 ## $aPRR2026 $d20260219$iCatmusica8
Etiqueta de registo: 00000nkm 2200025 450 001 2269071 003 http://id.bnportugal.gov.pt/bib/catbnp/2269071 100 ## $a20260218d1985 m y0pory01030103ba 101 0# $apor 102 ## $aPT 200 1# $a1ºs. Jogos Distritais [de] Beja, participação, desenvolvimento e paz, 29 junho-14
julho 1985$bVisual gráfico]$fAssociação de Municípios do Distrito de Beja 210 #9 $aBeja$cAssociação de Municípios do Distrito de Beja,$d1985$e[S.l.] :$gDiário do Alentejo ) 215 ## $a1 cartaz$ccolor.$d49x34,6cm 317 ## $aColeção Madeira Luís 710 02 $aAssociação de Municípios do Distrito de Beja$3180193 801 #0 $aPT$bBN$gRPC 966 ## $lBN$mICONOG$sCT. 14588 V.$x3 971 ## $cCaticonografia2$d20260219 995 ## $aPRR2026 $d20260219$iCaticonografia2
Etiqueta de registo: 00000nkm 2200025 450 001 2270904 003 http://id.bnportugal.gov.pt/bib/catbnp/2270904 100 ## $a20260224d1987 m y0pory01030103ba 101 0# $apor 102 ## $aPT 200 1# $a2.ºs Jogos Distritais de Beja, 27 junho - 12 julho 87$bVisual gráfico]$fAssociação de Municípios do Distrito de Beja 210 #9 $a[Beja]$cAssociação de Municípios do Distrito de Beja,$d1987$gAssociação de Municípios do Distrito de Beja - «Diário do Alentejo») 215 ## $a1 cartaz$ccolor.$d66x48,5 cm 317 ## $aColeção Madeira Luís 710 02 $aJogos Distritais de Beja,$d2,$eBeja,$f1987$31987062 712 02 $aAssociação de Municípios do Distrito de Beja$4070$3180193 801 #0 $aPT$bBN$gRPC 966 ## $lBN$mICONOG$sCT. 21458 A.$x3 971 ## $cCaticonografia5$d20260224 995 ## $aPRR2026 $d20260224$iCaticonografia5
Etiqueta de registo: 00000nkm 2200025 450 001 2270762 003 http://id.bnportugal.gov.pt/bib/catbnp/2270762 100 ## $a20260224d1986 m y0pory01030103ba 101 0# $apor 102 ## $aPT 200 1# $a1.º Encontro de Arqueologia da Região de Beja, Beja, 17, 18, 19 janeiro 86$bVisual gráfico]$fAssociação para a Defesa do Património Cultural da Região de Beja, Associação de Municípios
do Distrito de Beja, Museu Regional de Beja$gDes. gráfico Mata Martins - 1985 210 #9 $aBeja$cAssociação para a Defesa do Património Cultural da Região de Beja,$d1986$e[Beja] :$gAssociação de Municípios do Distrito de Beja - («Diário do Alentejo»)) 215 ## $a1 cartaz$ccolor.$d50x35 cm 317 ## $aColeção Madeira Luís 702 #1 $aMartins,$bMata$4410$31216139 710 02 $aAssociação para a Defesa do Património Cultural da Região de Beja$3340743 711 02 $aAssociação de Municípios do Distrito de Beja$3180193 711 01 $aBeja.$bMuseu Regional$370129 801 #0 $aPT$bBN$gRPC 966 ## $lBN$mICONOG$sCT. 14718 V.$x3 971 ## $cCaticonografia6$d20260224 995 ## $aPRR2026 $d20260224$iCaticonografia6
Etiqueta de registo: 00000nkm 2200025 450 001 2272806 003 http://id.bnportugal.gov.pt/bib/catbnp/2272806 100 ## $a20260226d1985 m y0pory01030103ba 101 0# $apor 102 ## $aPT 200 1# $a1.os Jogos da Região Alentejana, Sines, 1-6 a 14-7-85$bVisual gráfico]$fAssociação de Municípios do Distrito de Beja 210 #9 $a[Beja]$cAssociação de Municípios do Distrito de Beja,$d1985 215 ## $a1 cartaz$cp&b.$d50x35 cm 317 ## $aColeção Madeira Luís 710 01 $aJogos da Região Alentejana$d1,$eSines,$f1985$31987786 712 02 $aAssociação de Municípios do Distrito de Beja$3180193 801 #0 $aPT$bBN$gRPC 966 ## $lBN$mICONOG$sCT. 15136 V.$x3 971 ## $cCaticonografia6$d20260226 995 ## $aPRR2026
Etiqueta de registo: 00000nkm 2200025 450 001 2278613 003 http://id.bnportugal.gov.pt/bib/catbnp/2278613 100 ## $a20260310d1984 m y0pory01030103ba 101 0# $apor 102 ## $aPT 200 1# $aIII Feira do Artesanato, jardim Dr. Santiago, Moura, de 4 a 8 de outubro, 1984$bVisual gráfico]$fAssociação de Municípios do Distrito de Beja 210 #9 $aBeja$cAssociação de Municípios do Distrito de Beja,$d1984 215 ## $a1 cartaz$ccolor.$d64x44 cm 317 ## $aColeção Madeira Luís 710 02 $aFeira do Artesanato,$d3,$eMoura,$f1984$31990318 712 02 $aAssociação de Municípios do Distrito de Beja$4557$3180193 801 #0 $aPT$bBN$gRPC 966 ## $lBN$mICONOG$sCT. 23736 A.$x3 971 ## $cCaticonografia9$d20260310 972 ## $d20260311$e1$vfpinelo$z0 995 ## $aPRR2026
Etiqueta de registo: 00000nkm 2200025 450 001 2278534 003 http://id.bnportugal.gov.pt/bib/catbnp/2278534 100 ## $a20260310d1984 m y0pory01030103ba 101 0# $apor 102 ## $aPT 200 1# $aExposição de pinturas Chlöe Macmillan, 25 de abril a 20 de junho 1984, Museu Municipal
de Santiago do Cacém$bVisual gráfico]$fAssociação de Municípios do Distrito de Beja 210 #9 $a[Beja]$cAssociação de Municípios do Distrito de Beja,$d1984 215 ## $a1 cartaz$ccolor.$d64x46 cm 317 ## $aColeção Madeira Luís 710 02 $aAssociação de Municípios do Distrito de Beja$3180193 801 #0 $aPT$bBN$gRPC 966 ## $lBN$mICONOG$sCT. 23286 A.$x3 971 ## $cCaticonografia6$d20260310 995 ## $aPRR2026
Etiqueta de registo: 00000nkm 2200025 450 001 2279268 003 http://id.bnportugal.gov.pt/bib/catbnp/2279268 100 ## $a20260311d1988 m y0pory01030103ba 101 0# $apor 102 ## $aPT 200 1# $aDia Nacional da Juventude, 28 de março de 1988$bVisual gráfico]$fAssociação de Municípios do Distrito de Beja 210 #9 $aBeja$cAssociação de Municípios do Distrito de Beja,$d1988 215 ## $a1 cartaz$ccolor.$d49,6x34,6 cm 317 ## $aColeção Madeira Luís 710 02 $aAssociação de Municípios do Distrito de Beja$3180193 801 #0 $aPT$bBN$gRPC 966 ## $lBN$mICONOG$sCT. 15765 V.$x3 971 ## $cCaticonografia3$d20260311 995 ## $aPRR2026
Etiqueta de registo: 00000nkm 2200025 450 001 2280933 003 http://id.bnportugal.gov.pt/bib/catbnp/2280933 100 ## $a20260317d1983 m y0pory01030103ba 101 0# $apor 102 ## $aPT 200 1# $aII Conferência Regional do Ensino Primário, Beja, 3, 4 e 5 de fev. de 1983$bVisual gráfico]$fAssociação de Municípios do Distrito de Beja 210 #9 $aBeja$cAssociação de Municípios do Distrito de Beja,$d1983 215 ## $a1 cartaz$ccolor.$d54,5x38,5 cm 317 ## $aColeção Madeira Luís 710 02 $aConferência Regional do Ensino Primário,$d2,$eBeja, $f1983$31991816 712 02 $aAssociação de Municípios do Distrito de Beja$3180193 801 #0 $aPT$bBN$gRPC 966 ## $lBN$mICONOG$sCT. 25314 A.$x3 971 ## $cCaticonografia7$d20260317 995 ## $aPRR2026
|
|
|